Hồ Chí Minh đẹp nhất tên người Tập ca khúc

保存先:
書誌詳細
フォーマット: 図書
言語:Undetermined
出版事項: Hà Nội Văn hóa 1980
主題:
タグ: タグ追加
タグなし, このレコードへの初めてのタグを付けませんか!
Thư viện lưu trữ: Trung tâm Học liệu Trường Đại học Cần Thơ
LEADER 00442nam a2200157Ia 4500
001 CTU_9781
008 210402s9999 xx 000 0 und d
082 |a 783.632 
082 |b H450 
245 0 |a Hồ Chí Minh đẹp nhất tên người 
245 0 |b Tập ca khúc 
260 |a Hà Nội 
260 |b Văn hóa 
260 |c 1980 
650 |a songs, vietnamese 
980 |a Trung tâm Học liệu Trường Đại học Cần Thơ